000 00648nam a22002177a 4500
003 OSt
008 240522b2007 |||||||| |||| 00| 0 eng d
020 _a9788131705841
082 _a658.78
_bBAL-B
100 _aBallou, Ronald H.
245 _aBusiness logistics supply chain management /
_cRonald H. Ballou and Samir K. Srivastava.
250 _a5th
260 _aChennai :
_bPearson,
_c2007.
300 _axx, 800 p. ;
650 _aLogistics Management:
650 _aSupply Chain Strategy:
650 _aInventory Management
650 _aIntroduction to Supply Chain Management
700 _aSrivastava, Samir K.
942 _2ddc
_cBK
_02
999 _c20568
_d20568